AU LIBRARIES
Centralized Library System Across Seven Campuses

Estimates of Foreign Assistance 2002-2003 (Record no. 47245)

MARC details
000 -LEADER
fixed length control field 00358nam a22001337a 4500
005 - DATE AND TIME OF LATEST TRANSACTION
control field 20260408103535.0
008 - FIXED-LENGTH DATA ELEMENTS--GENERAL INFORMATION
fixed length control field 260408b |||||||| |||| 00| 0 eng d
082 ## - DEWEY DECIMAL CLASSIFICATION NUMBER
Classification number 338.91
Author Mark EST-G
245 ## - TITLE STATEMENT
Title Estimates of Foreign Assistance 2002-2003
260 ## - PUBLICATION, DISTRIBUTION, ETC.
Place of Publication Pakistan
Name of publisher, distributor, etc. Governemnt of Pakistan
Date of publication, distribution, etc. 2003
300 ## - PHYSICAL DESCRIPTION
Pages 37 p.
650 ## - SUBJECT ADDED ENTRY--TOPICAL TERM
Subject / Department Management Science
942 ## - ADDED ENTRY ELEMENTS (KOHA)
Koha item type Book
Holdings
Withdrawn status Lost status Damaged status Not for loan Collection code Permanent Location Current Location Shelving Location Date acquired Source of acquisition Total Checkouts Full Call Number Accession No./Barcode Date last seen Koha item type
        Management Science Air University H-11 Campus Islamabad Air University H-11 Campus Islamabad Economics 04/08/2026 Gifted By Dr. Salman Hasan   338.91 EST-G AUHEG0014 04/08/2026 Book
Air University Sector E-9, Islamabad Pakistan
Email: librarian@au.edu.pk  Tel : +0092 51 9262612 Ext: 631